000 00467 a2200157 4500
999 _c1194
_d1194
020 _a9789351111146
050 _aS494.5 CHO 2013
100 _aChoyal, Rajaram
_eauthor
245 _aBasic concept of sustainable agriculture /
_cRajaram Choyal
264 _aNew Delhi :
_bRandom Publications,
_c2013
300 _a288p. :
500 _aIncludes index
650 _aSustainable agriculture
650 _aSustainable agriculture
_xIndia
942 _2lcc
_cBK
_h494.5
_iCHO
_kS